| 000 | 00558nam a22001937a 4500 | ||
|---|---|---|---|
| 003 | CEME | ||
| 005 | 20210628203307.0 | ||
| 008 | 210125b xxu||||| |||| 00| 0 eng d | ||
| 020 | _a0-8493-7347-6 | ||
| 040 | _c. | ||
| 082 | _a621.3 SYS | ||
| 100 |
_aDorf, Richard.C _964526 |
||
| 245 | _aSystems, controls, embedded systems,energy, and machines | ||
| 250 | _a3RD | ||
| 260 |
_aNEW YORK _bTAYLOR & FRANCIS _c2006 |
||
| 300 | _aXXVV,1500P | ||
| 650 |
_aELECTRIC POWER SYSTEMS-CONTROL.ELECTRIC POWER SYSTEMS.SYSTEM ENGINEERING _964527 |
||
| 942 |
_cBK _2ddc |
||
| 999 |
_c572988 _d572988 |
||